000 00461nam a2200145Ia 4500
008 100204s9999 xx 000 0 und d
082 _b23281
100 _aतिबिले अनंत
245 _aखुनाचे रहस्य
260 _b"शांती पब्लिकेशन , पुणे"
_c1998
300 _a182
630 _aखुनाचे रहस्य
730 _aखुनाचे रहस्य
942 _cBOOK
999 _c468391
_d468388